Sports Quiz

Random Sports or Football Quiz

Football Club ( By Abbreviations ) Quiz Stats

 Plays Quiz not verified by Sporcle

     
Support Sporcle.
Go Orange.
Score 0/224 Timer 20:00
0 Plays Today
Abbreviations Club % Correct
ARSArsenal
95.7%
ASTAston Villa
86.5%
CHEChelsea
85%
EVEEverton
81.4%
BURBurnley
80.8%
LIV Liverpool
77.8%
MNCManchester City
77.8%
MNU Manchester United
77.3%
HULHull City
72.3%
LEILeicester City
72%
NEWNewcastle United
69.5%
PALCrystal Palace
69.4%
TOTTottenham Hotspur
67.8%
SUNSunderland
67.4%
QPRQueens Park Rangers
67.1%
SOTSouthampton
66.4%
SWASwansea City
65.4%
STOStoke City
63.7%
WHUWest Ham United
62.5%
WATWatford
61.9%
NORNorwich
59.7%
WBAWest Bromwich Albion
59.4%
BOUBournemouth
58.7%
FULFulham
56.6%
IPSIpswich
56.5%
DERDerby County
53.8%
WOLWolves
53.4%
LEELeeds United
53%
HUDHuddersfield
52.8%
REAReading
51.1%
MIDMiddlesbrough
50.6%
BIRBirmingham
50.6%
WIGWigan
49.4%
BHABrighton
49.3%
BREBrentford
45.7%
FORNottingham Forest
45.4%
SHWSheffield Wednesday
44.4%
CARCardiff City
44.3%
BLABlackburn Rovers
43.1%
MILMillwall
43.1%
JUVJuventus
41.7%
PREPreston
41.5%
BOLBolton Wanderers
41.4%
BARBarcelona
41.4%
RMDReal Madrid
40.8%
ROMRoma
39.9%
CHACharlton
39.1%
NAPNapoli
38.6%
SHUSheffield United
38.5%
OLDOldham
38.5%
PLYPlymouth
38.2%
SWISwindon
37.9%
BLABlackpool
37.6%
EXEExeter
37.2%
INTInter Milan
37%
LUTLuton
36.6%
MKDMK Dons
36.5%
DONDoncaster
36.3%
OXFOxford United
36.3%
LAZLazio
36.3%
MILMilan
36%
ROTRotherham United
35.3%
COVCoventry City
35.3%
VALValencia
33.7%
SEVSevilla
33.1%
FLEFleetwood
33%
WIMWimbledon
31.7%
YORYork
31%
YEOYeovil Town
30.5%
WYCWycombe
29.8%
PETPeterborough
29.2%
ACCAccrington
28.9%
MUNBayern Munich
28.8%
LEYLeyton Orient
28.7%
SCUScunthorpe
28.6%
Abbreviations Club % Correct
GILGillingham
28.6%
AMDAtletico Madrid
28.6%
SHRShrewsbury
28%
BRIBristol City
27.9%
BARBarnsley
27.9%
TORTorino
27.9%
ATAAtalanta
27.6%
CAMCambridge United
27.5%
UDNUdinese
26.3%
LYNLyon
26.1%
SAMSampdoria
25.4%
PORPortsmouth
25.3%
GENGenoa
25.3%
ROCRochdale
25%
NOTNotts County
24.6%
LILLille
24.3%
CRECrewe
24.2%
COLColchester United
24.1%
ESPEspanyol
23.7%
DEPDeportivo
23%
BRABradford City
22.9%
WALWalsall
22.8%
STEStevenage
22.7%
PVLPort Vale
22.6%
MALMalaga
22.6%
TRATranmere Rovers
22.4%
MARMarseille
22.2%
DORBorussia Dortmund
21.9%
MONMonaco
21.7%
HOFHoffenheim
21.1%
NICNice
21%
TOUToulouse
20.8%
CRACrawley Town
20.8%
NEWNewport
20.8%
PALPalermo
20.8%
CHEChesterfield
20.4%
GETGetafe
20.2%
CAGCagliari
19.9%
DAGDagenham and Redbridge
19.8%
CARCarlisle United
19.5%
WOLWolfsburg
19.4%
GRAGranada
19.3%
EMPEmpoli
19.2%
PARParma
19.2%
VILVillarreal
19.1%
LEVLevante
18.7%
KOLKoln
18.1%
SASSassuolo
18%
ZURZurich
18%
RENRennes
17.8%
BAYBayer Leverkusen
17.8%
HANHannover
17.8%
CHLCheltenham
17.6%
NORNorthampton
17.5%
CHVChievo
17.4%
FIRFiorentina
17.2%
NANNantes
17.2%
BURBurton Albion
17.1%
PSGParis Saint German
17.1%
MORMorecambe
16.9%
RSDReal Sociedad
16.9%
SOUSouthend United
16.2%
AUGAugsburg
15.9%
SCKSchalke
15.3%
STUStuttgart
14.2%
MANMansfield Town
14%
BURBury
13.8%
MAIMainz
13.3%
EBAEibar
12.5%
CAECaen
12.5%
GALGalatasaray
12.5%
LORLorient
12.5%
HAMHamburger
12.4%
FREFreiburg
12.3%
BASBasel
12.3%
Abbreviations Club % Correct
HARHartlepool
12.1%
EINEintracht Frankfurt
12.1%
BREWerder Bremen
11.8%
HERHertha
11.6%
MOTMontpellier
11.5%
VERHellas Verona
11.2%
CLVCelta Vigo
11.1%
ALMAlmeria
10.9%
METMetz
10.9%
LENLens
10%
MONBorussia Monchengladbach
10%
YBYYoung Boys
9.7%
ABBAthletic Bilbao
9.7%
BORBordeaux
9.7%
ZENZenit St-Petersburg
8.9%
BESBesiktas
8.9%
LGXLA Galaxy
8.4%
TORToronto
8.4%
CESCesena
8%
PADPaderborn
7.9%
CKMCSKA Moscow
7.3%
FENFenerbahce
7.3%
ASSSaint Etienne
6.8%
BASBastia
6.8%
ELEElche
6.6%
CODCordoba
6.3%
GUNGuingamp
5.8%
RVARayo Vallecano
5.7%
SPASpartak Moscow
5.7%
TRATrabzonspor
5.5%
EVAEvian
5.4%
DCUDC United
5.4%
DNMDynamo Moscow
5.3%
LKMLokomotiv Moscow
5.3%
NRBNew York Red Bulls
4.7%
KRAKrasnodar
4.5%
THUThun
4.4%
BURBursaspor
4.4%
ORLOrlando City
4.3%
KAZRubin Kazan
4.1%
CHFChicago Fire
4%
RSLReal Salt Lake
4%
NWENew England
3.6%
VCWVancouver Whitecaps
3.6%
VADVaduz
3.5%
FCDDallas
3.5%
UFAUfa
3.3%
GRAGrasshoppers
2.9%
AJAAjaccio
2.9%
PTTPortland Timbers
2.8%
HSDHouston Dynamo
2.6%
CRPColorado Rapids
2.6%
SSOSeattle Sounders
2.5%
AMEAmerica
2.5%
SKCSporting Kansas City
2.5%
GALGallen
2.4%
MTIMontreal Impact
2.4%
URAUral
2.3%
SDRStade Reims
2.2%
SJEEarthquakes
2.1%
CCRColumbus Crew
1.9%
LUCLucerne
1.8%
PUNPhiladelphia Union
1.7%
ARSArsenal Tula
1.6%
KKAKuban Krasnodar
1.5%
AARAarau
1.4%
ROSRostov
1.4%
GAZGaziantepspor
1.3%
ISBIstanbul Buyuksehir
1.1%
AKPAmkar Perm
1%
TRGTerek Grozny
0.9%
MORMordovia
0.9%
TMWTorpedo Moscow
0.9%
SSTSion Sitten
0.4%

From the Vault

Hidden Neighbors of Idaho

by smac17

Geography 60s
As far as we can tell, most of Idaho's neighbors are elk.
Remove Ads.
Support Sporcle.
Get the best of Sporcle when you Go Orange. This ad-free experience offers more features, more stats, and more fun while also helping to support Sporcle. Thank you for becoming a member.

Show Comments

Extras

Top Quizzes Today


Score Distribution

Your Account Isn't Verified!

In order to create a playlist on Sporcle, you need to verify the email address you used during registration. Go to your Sporcle Settings to finish the process.

Report this User

Report this user for behavior that violates our Community Guidelines.

Details: